| 000 | 00937nam a2200253 i 4500 | ||
|---|---|---|---|
| 001 | 56744 | ||
| 005 | 20191004131943.0 | ||
| 008 | 140415s2006 mx r 000 0 spa d | ||
| 020 | _a9688639974 | ||
| 040 |
_aMX-PuUPA _bspa _erda _cMx-PuUPA _dMx-PuUPA |
||
| 041 | 0 | _aspa | |
| 082 | 0 |
_a891.714 _bBOR |
|
| 100 | 1 |
_aBorisovna, Liudmila, _eautor _93200 |
|
| 245 | 1 | 0 |
_aLiteratura y sociedad : _bpoesía rusa de la segunda mitad del siglo XX / _cLudmila Borisovna Biriukova. |
| 264 | 1 |
_aPuebla, México : _bBenemérita Universidad Autónoma de Puebla, _bInsituto de Ciencias Sociales y Humanidades "Alfonso Vélez Pliego", _c2006 |
|
| 300 |
_a38 páginas ; _c24 cm. |
||
| 336 |
_atexto _2rdacontent |
||
| 337 |
_asin mediación _2rdamedia |
||
| 338 |
_avolumen _2rdacarrier |
||
| 490 | 0 |
_aCuadernos del ICSYH ; _v37 |
|
| 650 | 4 |
_aPoesía rusa _ySiglo XX |
|
| 650 | 4 | _aLiteratura y sociedad | |
| 999 |
_c56744 _d56744 |
||
| 942 |
_h891.714 _iBOR _cLI |
||